| 000 | 00621nam a22001577a 4500 | ||
|---|---|---|---|
| 008 | 160430b xxu||||| |||| 00| 0 eng d | ||
| 082 |
_22013 _aUT 0459 _bM27 |
||
| 100 |
_97168 _aMagdadaro, Joanna Reeve. |
||
| 245 |
_aPerceptions on teachers' communicative style and motivation of English major students in UM Digos College/ _cJoanna Reeve Magdadaro, Jemima Magdalao and Jean Cañetan. |
||
| 260 |
_aDigos City: _bUMDC _cOctober 2013. |
||
| 300 |
_a49 pages; _c29 cm. |
||
| 650 | 0 |
_97169 _aEducation _vEnglish _xUndergraduate thesis. |
|
| 700 |
_97170 _aMagadlao, Jemima.. |
||
| 700 |
_97171 _aCañetan, Jean. |
||
| 942 |
_2ddc _cUT |
||
| 999 |
_c2198 _d2198 |
||